| 000 | 01294cam a22003857a 4500 | ||
|---|---|---|---|
| 999 |
_c532169 _d532169 |
||
| 001 | 14536226 | ||
| 003 | NUST | ||
| 005 | 20191111154913.0 | ||
| 008 | 060906s2007 ne a b 001 0 eng d | ||
| 010 | _a 2006934150 | ||
| 015 |
_aGBA682735 _2bnb |
||
| 016 | 7 |
_a013563631 _2Uk |
|
| 020 | _a0750664436 | ||
| 020 | _a9780750664431 (pbk.) | ||
| 035 | _a(OCoLC)ocm71808904 | ||
| 038 | _aMSOHAIL | ||
| 040 |
_aUKM _cUKM _dBAKER _dBWKUK _dYDXCP _dDLC |
||
| 042 |
_aukblsr _alccopycat |
||
| 050 | 0 | 0 |
_aTH1065 _b.P87 2007 |
| 082 | 0 | 4 |
_a628.92 _2220 |
| 100 | 1 |
_aPurkiss, J. A. _91032 |
|
| 245 | 1 | 0 |
_aFire safety engineering design of structures / _cJohn A. Purkiss. |
| 250 | _a2nd ed. | ||
| 260 |
_aAmsterdam ; _aBoston : _bElsevier/Butterworth-Heinemann, _c2007. |
||
| 300 |
_axxxiv, 389 p. : _bill. ; _c25 cm. |
||
| 500 | _aPrevious ed.: 1996. | ||
| 504 | _aIncludes bibliographical references (p. [349]-375) and indexes. | ||
| 650 | 0 |
_aBuilding, Fireproof. _924937 |
|
| 650 | 0 |
_aFire protection engineering. _924938 |
|
| 856 | 4 | 2 |
_3Publisher description _uhttp://www.loc.gov/catdir/enhancements/fy0710/2006934150-d.html |
| 906 |
_a7 _bcbc _ccopycat _d2 _encip _f20 _gy-gencatlg |
||
| 942 |
_2ddc _cBK |
||